Which Way Is North? Quiz Stats

 Plays Quiz Updated Apr 15, 2015

Challenge
Share
Tweet
Score 0/20 Timer 08:00
1 Play Today
% Correct
↑ Correct. A is North in Central Europe ↑
86.4%
→ Correct. B is North at the English Channel →
78.9%
↑ Correct. A is North at Norway/Sweden ↑
76.4%
→ Correct. B is North in Italy →
74.9%
↑ Correct. A is North in Canada ↑
73.5%
↓ Correct. C is North in Iceland ↓
73.5%
← Correct. D is North at Four Corners ←
73.3%
↑ Correct. A is North in South Africa ↑
72.1%
↓ Correct. C is North in West Africa ↓
68.9%
↓ Correct. C is North in Eastern Africa ↓
63.2%
% Correct
→ Correct. B is North in New York City →
58.2%
↑ Correct. A is North in the Caucasus ↑
55.8%
← Correct. D is North in the Caribbean ←
53%
← Correct. D is North in Paraguay ←
51.6%
→ Correct. B is North in Israel →
48.4%
← Correct. D is North in New Zealand ←
45.3%
→ Correct. B is North in Japan →
42.1%
↓ Correct. C is North in Panama ↓
35.2%
↓ Correct. C is North in the South Pacific ↓
34.8%
↓ Correct. C is North in Southern Brazil ↓
16.9%

You're not logged in!

Compare scores with friends on all Sporcle quizzes.
Join for Free
OR
Log In

You Might Also Like...

Show Comments

Extras

Top Quizzes Today


Score Distribution

Your Account Isn't Verified!

In order to create a playlist on Sporcle, you need to verify the email address you used during registration. Go to your Sporcle Settings to finish the process.

Report this User

Report this user for behavior that violates our Community Guidelines.

Details: